8 Minecraft Ores - Statistics

General Stats
  • This quiz has been taken 457 times
  • The average score is 7 of 8
Answer Stats
Clue Ore % Correct
Used to make cauldrons Iron
98%
Most valuable ore Diamond
95%
Weak in tools and armor Gold
94%
Only wooden pickaxe needed to mine Coal
92%
Used to trade with villagers Emerald
91%
Blue dye Lapis Lazuli
80%
Doesn't exist in real life Redstone
78%
Found in the nether Nether Quartz
70%
No matching quizzes found
Score Distribution
Percent of People with Each Score
Percentile by Number Answered
Your Score History
You have not taken this quiz